[Event "Titled Tuesday intern op 19th Sep Early"]
[Site "Chess.com INT"]
[Date "2023.09.19"]
[Round "11"]
[White "Ning, Kaiyu"]
[Black "Dubnevych, Maksym"]
[Result "0-1"]
[WhiteElo "2308"]
[BlackElo "2391"]
[PlyCount "138"]
[EventDate "2023.09.19"]
[EventType "swiss (blitz)"]
[EventRounds "11"]
[EventCountry "USA"]
[SourceTitle "EXT 2024"]
[Source "ChessBase"]
[SourceDate "2023.10.10"]
[SourceVersion "1"]
[SourceVersionDate "2023.10.10"]
[SourceQuality "1"]

1. d4 Nf6 2. c4 e6 3. Nf3 d5 4. Nc3 c5 5. e3 Nc6 6. cxd5 Nxd5 7. Bd3 cxd4 8. exd4 Bd6 9. 0-0 Nf4 10. Be4 Ng6 11. Bg5 Qa5 12. Bxc6+ bxc6 13. Ne4 Bc7 14. Qc2 0-0 15. Qxc6 Rb8 16. Rfc1 Bf4 17. Bxf4 Nxf4 18. Qc2 Bb7 19. b3 Rfc8 20. Nc5 Bxf3 21. gxf3 h6 22. Qe4 Nd5 23. Nd7 Qd2 24. Rd1 Qg5+ 25. Qg4 Rb4 26. Qxg5 hxg5 27. Ne5 Nc3 28. Rd3 Rxd4 29. Rxd4 Ne2+ 30. Kg2 Nxd4 31. Rd1 Ne2 32. h4 f6 33. Ng4 gxh4 34. Kh3 f5 35. Ne5 Rc2 36. Kxh4 Nf4 37. Rd8+ Kh7 38. Kg5 Nh3+ 39. Kh4 Nxf2 40. f4 Ne4 41. Kh3 Rc3+ 42. Kg2 Rc2+ 43. Kf1 Rxa2 44. Nf3 Ng3+ 45. Ke1 Ra1+ 46. Kd2 Ne4+ 47. Kc2 Ra2+ 48. Kd3 Rf2 49. Ke3 Rg2 50. Rd7 Rg3 51. Rxa7 Nd2 52. Kxd2 Rxf3 53. b4 Rxf4 54. b5 Rb4 55. Rb7 f4 56. Ke2 Rb3 57. Kf2 e5 58. b6 e4 59. Re7 Rb2+ 60. Ke1 e3 61. b7 e2 62. Rxe2 Rxb7 63. Re5 Rf7 64. Kf2 Kh6 65. Kf3 g5 66. Kg4 f3 67. Rxg5 f2 68. Rh5+ Kg7 69. Rg5+ Kf8 0-1

[Event "Titled Tuesday intern op 01st Aug Early"]
[Site "Chess.com INT"]
[Date "2023.08.01"]
[Round "10"]
[White "Bok, Benjamin"]
[Black "Ning, Kaiyu"]
[Result "1-0"]
[WhiteElo "2617"]
[BlackElo "2308"]
[PlyCount "43"]
[EventDate "2023.08.01"]
[EventType "swiss (blitz)"]
[EventRounds "11"]
[EventCountry "USA"]
[SourceTitle "EXT 2024"]
[Source "ChessBase"]
[SourceDate "2023.10.10"]
[SourceVersion "1"]
[SourceVersionDate "2023.10.10"]
[SourceQuality "1"]

1. d4 Nf6 2. c4 e6 3. Nc3 Bb4 4. Qc2 d5 5. a3 Bxc3+ 6. Qxc3 0-0 7. Bg5 c5 8. dxc5 d4 9. Qf3 Nbd7 10. e3 h6 11. Bxf6 Nxf6 12. 0-0-0 e5 13. Ne2 Bg4 14. Qg3 d3 15. f3 Rc8 16. Nc3 e4 17. fxg4 Rxc5 18. h4 Rxc4 19. g5 Rxc3+ 20. bxc3 Qa5 21. Kd2 Rb8 22. gxf6 1-0

[Event "Titled Tuesday intern op 01st Aug Early"]
[Site "Chess.com INT"]
[Date "2023.08.01"]
[Round "5"]
[White "Ning, Kaiyu"]
[Black "Bortnyk, Olexandr"]
[Result "0-1"]
[WhiteElo "2308"]
[BlackElo "2608"]
[PlyCount "118"]
[EventDate "2023.08.01"]
[EventType "swiss (blitz)"]
[EventRounds "11"]
[EventCountry "USA"]
[SourceTitle "EXT 2024"]
[Source "ChessBase"]
[SourceDate "2023.10.10"]
[SourceVersion "1"]
[SourceVersionDate "2023.10.10"]
[SourceQuality "1"]

1. e4 Nf6 2. Nc3 d5 3. e5 Nfd7 4. d4 c5 5. f4 cxd4 6. Qxd4 e6 7. Be3 Nc6 8. Qd2 Bc5 9. Nf3 Qb6 10. Bxc5 Nxc5 11. 0-0-0 Bd7 12. Bd3 Nb4 13. Kb1 Rc8 14. a3 Nbxd3 15. cxd3 Nb3 16. Qe1 0-0 17. Na2 a5 18. Nd2 Ba4 19. Nxb3 Qxb3 20. Nc3 b5 21. Qd2 b4 22. Nxa4 Qxa4 23. Rc1 bxa3 24. Rxc8 Rxc8 25. Rc1 Rb8 26. Qc3 g6 27. Rc2 axb2 28. Rxb2 Rxb2+ 29. Kxb2 Qxf4 30. g3 Qf2+ 31. Kb3 Qxh2 32. Qxa5 Kg7 33. Qd8 Qf2 34. Qg5 h6 35. Qh4 g5 36. Qg4 Qe3 37. Kc2 Qxe5 38. Kd2 Qb2+ 39. Ke3 Qc1+ 40. Kd4 Qc7 41. Qf3 Qa7+ 42. Kc3 Qa1+ 43. Kb3 Qb1+ 44. Kc3 Qc1+ 45. Kd4 Qc6 46. Qf1 Qb6+ 47. Ke5 Qc7+ 48. Kd4 Qxg3 49. Kc5 Qf4 50. Qe2 g4 51. d4 g3 52. Kc6 Qxd4 53. Kd7 Qe4 54. Qh5 g2 55. Ke7 Qg6 56. Qe5+ Kh7 57. Kf8 g1Q 58. Qf6 Qxf6 59. Ke8 Qc5 0-1

[Event "Titled Tuesday intern op 01st Aug Early"]
[Site "Chess.com INT"]
[Date "2023.08.01"]
[Round "1"]
[White "Ning, Kaiyu"]
[Black "Kuznetsov, Mikhail V"]
[Result "0-1"]
[WhiteElo "2308"]
[BlackElo "2246"]
[PlyCount "90"]
[EventDate "2023.08.01"]
[EventType "swiss (blitz)"]
[EventRounds "11"]
[EventCountry "USA"]
[SourceTitle "EXT 2024"]
[Source "ChessBase"]
[SourceDate "2023.10.10"]
[SourceVersion "1"]
[SourceVersionDate "2023.10.10"]
[SourceQuality "1"]

1. e4 c6 2. d4 d5 3. e5 Bf5 4. h4 h5 5. Bd3 Bxd3 6. Qxd3 e6 7. Nf3 c5 8. dxc5 Bxc5 9. Qb5+ Nd7 10. Qxb7 Ne7 11. 0-0 0-0 12. Qa6 Qc7 13. Qe2 Nc6 14. Re1 Nd4 15. Nxd4 Bxd4 16. c3 Bxe5 17. Qxh5 Rab8 18. Nd2 Bxc3 19. Rb1 Nf6 20. Qd1 Ba5 21. Re2 Rfc8 22. Nf1 Ne4 23. Be3 Bb6 24. Rc1 Qd6 25. Rxc8+ Rxc8 26. Bxb6 Qxb6 27. Rc2 Rxc2 28. Qxc2 g6 29. g3 Kg7 30. Kg2 Qb7 31. f3 Nd6 32. Qc3+ f6 33. b3 e5 34. Qc5 Nf5 35. Kf2 d4 36. Nd2 Qa6 37. Qc7+ Kh6 38. Qd8 Kg7 39. a4 Qd3 40. Ne4 Qe3+ 41. Kg2 Qe2+ 42. Kg1 Qe1+ 43. Kg2 Ne3+ 44. Kh2 Qe2+ 45. Kh3 Qg2# 0-1

[Event "Titled Tuesday intern op 01st Aug Early"]
[Site "Chess.com INT"]
[Date "2023.08.01"]
[Round "7"]
[White "Ning, Kaiyu"]
[Black "Palczert, Matyas"]
[Result "1-0"]
[WhiteElo "2308"]
[BlackElo "2340"]
[PlyCount "99"]
[EventDate "2023.08.01"]
[EventType "swiss (blitz)"]
[EventRounds "11"]
[EventCountry "USA"]
[SourceTitle "EXT 2024"]
[Source "ChessBase"]
[SourceDate "2023.10.10"]
[SourceVersion "1"]
[SourceVersionDate "2023.10.10"]
[SourceQuality "1"]

1. e4 c5 2. Nf3 e6 3. d4 cxd4 4. Nxd4 Nc6 5. Nc3 Qc7 6. g3 a6 7. Bg2 Nf6 8. 0-0 Nxd4 9. Qxd4 Bc5 10. Bf4 d6 11. Qd2 h6 12. Rad1 e5 13. Be3 Bxe3 14. fxe3 Be6 15. Qxd6 Rc8 16. Qxc7 Rxc7 17. Rd2 Rxc3 18. bxc3 Ke7 19. a4 Nd7 20. Rb1 Nc5 21. a5 Rc8 22. Rb4 Rc7 23. Bf1 Nd7 24. Kf2 Nb8 25. Bd3 Nc6 26. Ra4 g6 27. Bc4 Nd8 28. Bxe6 Nxe6 29. Rb4 Nd8 30. c4 Nc6 31. Ra4 Ke6 32. Rd1 Ne7 33. Rb1 Nc6 34. Rb6 Kd7 35. Ra3 Kc8 36. Ke2 Nd8 37. Rd6 Rxc4 38. Kd3 Rc7 39. h4 Nc6 40. h5 Nb4+ 41. Kd2 Rxc2+ 42. Kd1 gxh5 43. Rb6 Rc4 44. Ra4 Rc3 45. Raxb4 Rxe3 46. Rxb7 Rxg3 47. Rxf7 h4 48. Rc4+ Kb8 49. Rc6 h3 50. Rxh6 1-0

[Event "Titled Tuesday intern op 01st Aug Early"]
[Site "Chess.com INT"]
[Date "2023.08.01"]
[Round "3"]
[White "Ning, Kaiyu"]
[Black "Perske, Thore"]
[Result "1-0"]
[WhiteElo "2308"]
[BlackElo "2448"]
[PlyCount "47"]
[EventDate "2023.08.01"]
[EventType "swiss (blitz)"]
[EventRounds "11"]
[EventCountry "USA"]
[SourceTitle "EXT 2024"]
[Source "ChessBase"]
[SourceDate "2023.10.10"]
[SourceVersion "1"]
[SourceVersionDate "2023.10.10"]
[SourceQuality "1"]

1. e4 e6 2. d4 d5 3. e5 c5 4. c3 Qb6 5. Nf3 Bd7 6. Be2 cxd4 7. cxd4 Bb5 8. Nc3 Bb4 9. 0-0 Bxc3 10. bxc3 Bxe2 11. Qxe2 Qa6 12. Qd2 h6 13. a4 Ne7 14. Ba3 Nbc6 15. Nh4 g5 16. Nf3 Rc8 17. Rfb1 b6 18. h4 g4 19. Nh2 h5 20. Nf1 Nf5 21. Qg5 Na5 22. Ne3 Qb7 23. Nxf5 exf5 24. Qg7 1-0

[Event "Titled Tuesday intern op 01st Aug Early"]
[Site "Chess.com INT"]
[Date "2023.08.01"]
[Round "11"]
[White "Ning, Kaiyu"]
[Black "Timerkhanov, Alexander"]
[Result "1-0"]
[WhiteElo "2308"]
[BlackElo "2354"]
[PlyCount "69"]
[EventDate "2023.08.01"]
[EventType "swiss (blitz)"]
[EventRounds "11"]
[EventCountry "USA"]
[SourceTitle "EXT 2024"]
[Source "ChessBase"]
[SourceDate "2023.10.10"]
[SourceVersion "1"]
[SourceVersionDate "2023.10.10"]
[SourceQuality "1"]

1. e4 c5 2. Nf3 a6 3. c4 Nc6 4. d4 cxd4 5. Nxd4 Nf6 6. Nc3 e5 7. Nf5 d5 8. cxd5 Bxf5 9. exf5 Nd4 10. Bd3 Be7 11. 0-0 0-0 12. Re1 Nxd5 13. Nxd5 Qxd5 14. Qg4 Bf6 15. Be4 Qd7 16. Be3 Rac8 17. Rad1 b5 18. h4 Rfd8 19. h5 Qe7 20. h6 Nc2 21. Bxc2 Rxc2 22. Rxd8+ Qxd8 23. Rd1 Qc8 24. Rd6 Rc4 25. Qg3 Kf8 26. hxg7+ Bxg7 27. f6 Bxf6 28. Rxf6 Qc7 29. Rf5 e4 30. Qxc7 Rxc7 31. Rc5 Rd7 32. Rc1 Ke7 33. Kf1 Ke6 34. Ke2 Ke5 35. Rc5+ 1-0

[Event "Titled Tuesday intern op 20th Jun Early"]
[Site "Chess.com INT"]
[Date "2023.06.20"]
[Round "5"]
[White "Galchenko, Matvey"]
[Black "Ning, Kaiyu"]
[Result "0-1"]
[WhiteElo "2438"]
[BlackElo "2349"]
[PlyCount "94"]
[EventDate "2023.06.20"]
[EventType "swiss (blitz)"]
[EventRounds "11"]
[EventCountry "USA"]
[SourceTitle "EXT 2024"]
[Source "ChessBase"]
[SourceDate "2023.10.10"]
[SourceVersion "1"]
[SourceVersionDate "2023.10.10"]
[SourceQuality "1"]

1. f4 c5 2. Nf3 Nc6 3. g3 g6 4. Bg2 Bg7 5. 0-0 Nf6 6. d3 d6 7. Nc3 0-0 8. e4 Rb8 9. a4 a6 10. h3 b5 11. axb5 axb5 12. g4 b4 13. Ne2 Nd7 14. Ng3 e6 15. g5 Nd4 16. h4 Qb6 17. Kh2 Bb7 18. h5 Ra8 19. Rxa8 Rxa8 20. Ne1 Ra1 21. Qd2 f5 22. gxf6 Nxf6 23. Bh3 e5 24. hxg6 hxg6 25. f5 Bc8 26. Qg5 gxf5 27. Rg1 Ne6 28. Qxf5 Rxc1 29. Ne2 Rxe1 30. Qxf6 Rxe2+ 31. Kh1 Qc7 32. Bxe6+ Bxe6 33. Qxe6+ Qf7 34. Qc8+ Kh7 35. Qg4 Rxc2 36. Qh3+ Bh6 37. Rf1 Qg6 38. Rg1 Qf7 39. Rf1 Rf2 40. Rxf2 Qxf2 41. Qd7+ Bg7 42. Qh3+ Kg8 43. Qc8+ Qf8 44. Qe6+ Kh8 45. Qh3+ Bh6 46. Kg2 b3 47. Qe6 Qg8+ 0-1

[Event "Xian World Summit (Women)"]
[Site "Xian"]
[Date "2023.01.07"]
[Round "5"]
[White "Assaubayeva, Bibissara"]
[Black "Ning, Kaiyu"]
[Result "1/2-1/2"]
[WhiteElo "2440"]
[BlackElo "2387"]
[PlyCount "61"]
[EventDate "2023.01.07"]
[EventType "tourn (rapid)"]
[EventRounds "11"]
[EventCountry "CHN"]
[EventCategory "7"]
[SourceTitle "CBM 212 Extra"]
[Source "ChessBase"]
[SourceDate "2023.03.31"]
[SourceVersion "1"]
[SourceVersionDate "2023.03.31"]
[SourceQuality "1"]

1. d4 Nf6 2. c4 e6 3. Nf3 d5 4. Nc3 c5 5. cxd5 cxd4 6. Qxd4 exd5 7. e4 dxe4 8. Qxd8+ Kxd8 9. Ng5 Be6 10. Nxe6+ fxe6 11. Bg5 Nc6 12. 0-0-0+ Ke8 13. Bb5 Rc8 14. Kb1 Bb4 15. Bxf6 gxf6 16. Nxe4 f5 17. Ng5 Ke7 18. a3 Ba5 19. f4 h6 20. Nf3 Rhd8 21. Bxc6 Rxc6 22. Rxd8 Bxd8 23. Rd1 Rd6 24. Rxd6 Kxd6 25. Kc2 Bf6 26. b3 Kd5 27. Kd3 b5 28. Ne1 a5 29. Nc2 Kc5 30. b4+ axb4 31. axb4+ 1/2-1/2

[Event "Titled Tuesday intern op 12th Jul Early"]
[Site "Chess.com INT"]
[Date "2022.07.12"]
[Round "1"]
[White "Polster, Christian"]
[Black "Ning, Kaiyu"]
[Result "0-1"]
[WhiteElo "2236"]
[BlackElo "2374"]
[PlyCount "58"]
[EventDate "2022.07.12"]
[EventType "swiss (blitz)"]
[EventRounds "11"]
[EventCountry "USA"]
[SourceTitle "EXT 2023"]
[Source "ChessBase"]
[SourceDate "2022.10.05"]
[SourceVersion "1"]
[SourceVersionDate "2022.10.05"]
[SourceQuality "1"]

1. e4 c5 2. Nc3 Nc6 3. Nge2 g6 4. d4 cxd4 5. Nxd4 Bg7 6. Be3 d6 7. Qd2 Nf6 8. f3 0-0 9. Bc4 Bd7 10. Bb3 Rc8 11. 0-0-0 Ne5 12. h4 h5 13. Bg5 Nc4 14. Qe2 b5 15. Ndxb5 Bxb5 16. Nxb5 Nxb2 17. Kxb2 Nxe4+ 18. Kb1 Nxg5 19. hxg5 a6 20. Na3 Qa5 21. Rd3 Qxg5 22. c3 Rxc3 23. Rxc3 Bxc3 24. Rc1 Bg7 25. Nc4 d5 26. Ne3 Qe5 27. Kc2 d4 28. Kd1 dxe3 29. Ke1 Rd8 0-1

[Event "Titled Tuesday intern op 28th Jun Early"]
[Site "Chess.com INT"]
[Date "2022.06.28"]
[Round "2"]
[White "Gueci, Tea"]
[Black "Ning, Kaiyu"]
[Result "0-1"]
[WhiteElo "2266"]
[BlackElo "2374"]
[PlyCount "70"]
[EventDate "2022.06.28"]
[EventType "swiss (blitz)"]
[EventRounds "11"]
[EventCountry "USA"]
[SourceTitle "CBM 209 Extra"]
[Source "ChessBase"]
[SourceDate "2022.09.30"]
[SourceVersion "1"]
[SourceVersionDate "2022.09.30"]
[SourceQuality "1"]

1. Nf3 d5 2. b3 Nf6 3. e3 c5 4. Bb2 e6 5. d4 Bd6 6. Bd3 0-0 7. 0-0 b6 8. Nbd2 Bb7 9. c4 Nbd7 10. Ne5 Qe7 11. Rc1 Rfd8 12. Bb1 dxc4 13. bxc4 Bxe5 14. dxe5 Ne8 15. Qc2 Nf8 16. Ne4 Qh4 17. Ng3 Qg5 18. f4 Qh4 19. Rcd1 g6 20. Ne4 Kh8 21. Nd6 Rd7 22. Qe2 Bc6 23. f5 gxf5 24. Bxf5 Ng7 25. Bb1 Kg8 26. Rf2 Ng6 27. Rdf1 Rf8 28. Rf6 Qg5 29. Bxg6 hxg6 30. Qf2 Nf5 31. Nxf5 gxf5 32. h4 Qg4 33. h5 Rfd8 34. Bc1 Rd1 35. Qf4 Qxg2# 0-1